000 00912nam a22002537a 4500
005 20100730160620.0
010 _aENG-97330
020 _a9788131730799
_c325.00
035 _aEN-80863
037 _bDBAD/PUB
082 _a658.403
100 _aConnell, Fergus O
_94000
245 _aSimply brilliant :
_bthe competitive advantage of common sense
_cby Fergus O'Connell
250 _a3rd. ed.
260 _aNew Delhi
_bPearson
_c2010
270 _a14 Local Shopping Centre, Panchsheel Park
_bNew Delhi
_e110017
300 _axviii, 193p.
_c22cm, (pbk)
500 _aincludes bibliography
650 _aCommon Sense
_94001
650 _aProblem Solving
_94002
650 _aExecutive ability
_94003
942 _2ddc
_cEN
_e3rd. ed.
_h658.403
_mCON
999 _c38323
_d38323